Sega Video Game Franchises - Statistics

General Stats
  • This quiz has been taken 227 times
  • The average score is 24 of 116
Answer Stats
Answer % Correct
Sonic the Hedgehog
98%
Virtua Cop
59%
Virtua Fighter
59%
Virtua Striker
59%
Virtua Tennis
59%
Yakuza
56%
Golden Axe
55%
Crazy Taxi
54%
Jet Set Radio
53%
Super Monkey Ball
51%
Alex Kidd
50%
NiGHTS
49%
Sega All Stars
48%
Sega Bass Fishing
48%
Sega GT
48%
Sega Network Casino Club
48%
Sega Network Taisen Mahjong MJ
48%
Sega Rally
48%
Sega Worldwide Soccer
48%
Persona
47%
Altered Beast
45%
Phantasy Star
45%
Shinobi
44%
Shenmue
40%
Streets of Rage
40%
Ecco the Dolphin
39%
Space Channel 5
38%
Bayonetta
34%
Megami Tensei
34%
The House of the Dead
34%
Samba de Amigo
33%
OutRun
32%
Puyo Puyo
32%
Billy Hatcher
28%
Dragon Force
28%
Dragon Treasure
28%
Vectorman
28%
Fantasy Zone
24%
ToeJam & Earl
23%
Alien Syndrome
22%
ChuChu Rocket!
22%
Shining
22%
Space Harrier
22%
After Burner
21%
Columns
21%
Panzer Dragoon
21%
Sakura Wars
21%
Wonderland Wars
21%
Valkyria Chronicles
20%
Football Manager
19%
World Cup Champion Football
19%
Gunstar Heroes
18%
Seaman
17%
Total War
16%
Fighting Vipers
15%
Bug!
14%
Hang-On
14%
Pro Soccer Club o Tsukurou!
14%
Pro Yakyuu Team o Tsukurou!
14%
Wonder Boy
14%
Clockwork Knight
11%
Dynamite Baseball
11%
Etrian Odyssey
11%
Thunder Force
11%
Eternal Champions
10%
Condemned
9%
Cyber Troopers Virtual-On
9%
Dynamite Deka
9%
Landstalker
7%
Trauma Center
7%
7th Dragon
6%
Conduit
6%
Dinosaur King
6%
Doki Doki Penguin Land
6%
Maimai
6%
Pengo
6%
World Series Baseball
6%
Zaxxon
6%
Chunithm
5%
Herzog
5%
Spikeout
5%
Company of Heroes
4%
Derby Owners Club
4%
Derby Tsuku
4%
Endless Space
4%
Hero Bank
4%
Power Instinct
4%
Rail Chase
4%
Rent-A-Hero
4%
Riglord Saga
4%
Roommania
4%
Sangokushi Taisen
4%
Soul Reverse
4%
Super Monaco GP
4%
Answer x Answer
3%
Border Break
3%
Chain Chronicle
3%
Code of Joker
3%
Growlanser
3%
Guru Guru Onsen
3%
Kingdom Conquest
3%
Avalon no Kagi
2%
Giant Gram
2%
Jissen Pachinko Hisshouhou!
2%
Love and Berry: Dress Up and Dance!
2%
Mushiking: The King of Beetles
2%
Puzzle & Action
2%
Quest of D
2%
Warhammer 40,000: Dawn of War
2%
Full Auto
1%
Naruhodo: The Intellectual Curiosity Research Center
1%
Otogi
1%
Star Horse
1%
Bingo Party
0%
Crush
0%
Galileo Factory
0%
No matching quizzes found
Score Distribution
Percent of People with Each Score
Percentile by Number Answered
Your Score History
You have not taken this quiz